[Event "Niteroi op 3rd"]
[Site "Niteroi"]
[Date "2023.09.05"]
[Round "3"]
[White "Silva, Henrique Brasil Bar"]
[Black "Sedlmayr, David"]
[Result "0-1"]
[WhiteElo "1695"]
[BlackElo "1965"]
[PlyCount "68"]
[EventDate "2023.09.04"]
[EventType "swiss"]
[EventRounds "9"]
[EventCountry "BRA"]
[SourceTitle "EXT 2024"]
[Source "ChessBase"]
[SourceDate "2023.10.10"]
[SourceVersion "1"]
[SourceVersionDate "2023.10.10"]
[SourceQuality "1"]

1. e4 e5 2. Nf3 Nc6 3. d4 exd4 4. Nxd4 Bc5 5. Nb5 Bb6 6. N1c3 Nf6 7. Qe2 d6 8. Be3 0-0 9. 0-0-0 Be6 10. Nd4 Nxd4 11. Bxd4 Qe7 12. f3 Bxd4 13. Rxd4 a6 14. Kb1 Rfe8 15. g4 b5 16. h4 c5 17. Rd2 Bc4 18. Qd1 Bxf1 19. Qxf1 b4 20. Nd5 Nxd5 21. Rxd5 Qc7 22. Qc4 Re6 23. Rhd1 Kf8 24. f4 Qe7 25. e5 dxe5 26. R5d2 Qxh4 27. Qxc5+ Kg8 28. g5 Qxf4 29. Rd8+ Re8 30. Qe7 Raxd8 31. Qxd8 Rf8 32. Qe7 f6 33. Qe6+ Kh8 34. Qf7 fxg5 0-1

[Event "Niteroi op 3rd"]
[Site "Niteroi"]
[Date "2023.09.04"]
[Round "1"]
[White "Mesquita, Victor Noronha"]
[Black "Sedlmayr, David"]
[Result "0-1"]
[WhiteElo "1420"]
[BlackElo "1965"]
[PlyCount "68"]
[EventDate "2023.09.04"]
[EventType "swiss"]
[EventRounds "9"]
[EventCountry "BRA"]
[SourceTitle "EXT 2024"]
[Source "ChessBase"]
[SourceDate "2023.10.10"]
[SourceVersion "1"]
[SourceVersionDate "2023.10.10"]
[SourceQuality "1"]

1. d4 d5 2. Nf3 Nf6 3. Bf4 c5 4. e3 Nc6 5. c3 Qb6 6. Qb3 c4 7. Qxb6 axb6 8. Be2 Bf5 9. Na3 e6 10. Nb5 Kd7 11. 0-0 Ra5 12. a4 Be7 13. h3 Bc2 14. Bd1 Bd3 15. Re1 Rha8 16. Na3 Ne4 17. Ne5+ Nxe5 18. Bxe5 f6 19. Bh2 Nd2 20. Bc2 Bxa3 21. Bxd3 Bxb2 22. Ra2 Bxc3 23. Rc1 Bb4 24. Bxh7 Rxa4 25. Rxa4 Rxa4 26. Bf4 b5 27. f3 Nb3 28. Rc2 Bd6 29. Bxd6 Kxd6 30. e4 Nxd4 31. Rd2 Nb3 32. Rd1 d4 33. Kh2 e5 34. Bg8 Ra1 0-1